Tierwelt Australiens - Statistiken

Allgemein
  • Dieses Quiz wurde 161 mal gespielt
  • Das Durchschnittsergebnis liegt bei 6 aus 15
Antwortstatistiken
Lebensraum Antwort % Korrekt
Land Känguru
94%
Land Koala
89%
Land/Wasser Salzwasserkrokodil
61%
Wasser Riesenmaulhai
59%
Land Taipan
54%
Land/Wasser Schnabeltier
44%
Land Wombat
39%
Wasser Delfin
29%
Wasser Meeresschildkröte
27%
Land Tasmanischer Teufel
26%
Land/Wasser Pinguin
16%
Land Quokka
16%
Land Kragenwaran
14%
Wasser Weißer Hai
13%
Wasser Seekuh
11%
Keine übereinstimmenden Quizze gefunden
Verteilung der Resultate
Anzahl Personen mit jedem Resultat
Perzentil nach korrekt beantworteten Fragen
Ihre Resultats-Entwicklung
Sie haben dieses Quiz noch nicht gespielt